000 00936nam a22002897a 4500
001 5762
003 FISKH
005 20250121102544.0
008 250121b cb ||||| |||| 00| 0 eng d
020 _a9780140546125
040 _aFISKH
_beng
_cFISKH
_dFISKH
050 _aPZ7.R71992
082 _a823.914
100 _aRoss, Tony
_d(1938-)
245 _aThe boy who cried Wolf /
_cTony Ross
250 _aFirst Published in 1985
260 _aNew York :
_bA Puffin Pied Piper,
_c1985.
300 _a23 pages :
_bcolor illustrations ;
_c24 cm
505 _aL
520 _aIn this contemporary retelling of a traditional tale, Willy cries "Wolf!" to get out of ordeals like taking a bath or going to his violin lesson, until the wolf really appears.
521 8 _a520
_bLexile
521 8 _aL
_bRaz-Plus
650 _2Fairy tales
_aLying
650 _2Surprise ending
_aFolktale
942 _2ddc
_cBK
_n0
999 _c5762
_d5762